| 000 | 00944nam a2200277 c 4500 | ||
|---|---|---|---|
| 003 | BLK | ||
| 005 | 20220801112709.0 | ||
| 008 | 180408b bul|||||r ||||||| ||bul|| | ||
| 010 | _aKNG00046856000 | ||
| 020 |
_a5-267-00236-4 _bиздат.: Азбука |
||
| 040 | _aBLK | ||
| 041 |
_aRUS _cRUS |
||
| 080 |
_aНемска литература _b821.112.2 _x-31 _z821.112.2-31 |
||
| 100 | 1 |
_aЗюскинд, Патрик _eпърви автор _970367 |
|
| 139 |
_aЗюскинд, Патрик _bЗ 98 |
||
| 245 | 1 | 0 |
_aГолубка _bТри истории и одно наблюдение : Повесть, рассказы _cПатрик Зюскинд. |
| 257 | _aDEU | ||
| 260 |
_аС.-Петербург _bАзбука _c2000 |
||
| 300 |
_a256 с. _c19 см |
||
| 380 | _aX | ||
| 852 | _aЦб 209293 | ||
| 856 | 4 |
_qpdf _u |
|
| 856 | 4 |
_qpdf _u |
|
| 942 |
_cKNG _n0 _03 |
||
| 944 |
_aCR _c01.01.2000 _kAB_DOS |
||
| 944 |
_aED _c28.02.2018 _kГеновева_Генчева |
||
| 999 |
_c43165 _d43165 |
||